000 00762nam a2200253Ia 4500
003 OSt
005 20220925215429.0
006 a|||||r|||| 00| 0
007 ta
008 220923b |||||||| |||| 00| 0 eng d
037 _cGeneral Book
040 _aRTL
_cRTL
_beng
041 _2eng
_aeng
082 _aV3.N70<--N14, L0
100 _aMowat C L
_9106453
245 0 _aGreat Britain since 1914
260 _aLondon
_bHodder and Stoughton
_c1970
300 _a224p
_ccm.
490 _aSources of History : Studies in the uses of historical evidence. Ed by G R Elton
500 _aBibliography: P 215-19
650 _aGreat Britain History
_91540
942 _hV3.N70<--N14, L0
_cGB
_2CC
999 _c568795
_d568795